|
|
|
|
| LEADER |
00996nam a2200277 4500 |
| 001 |
ocn701038192 |
| 003 |
OCoLC |
| 005 |
20180501121939.0 |
| 008 |
970714s1986 ne b 000 0 eng d |
| 040 |
|
|
|a U5D
|b eng
|c U5D
|d OCLCQ
|d BDX
|d OCLCQ
|d GrThAP
|
| 020 |
|
|
|a 0444904514
|
| 020 |
|
|
|a 9780444904515
|
| 035 |
|
|
|a (OCoLC)701038192
|
| 049 |
|
|
|a TEFA
|
| 245 |
0 |
0 |
|a Side effects of drugs annual :
|b a worldwide yearly survey of new data and trends.
|n 10: 1986 /
|c editor, M.N.G. Dukes, assistant editor: L. Beeley.
|
| 260 |
|
|
|a Amsterdam ;
|a New York :
|b Elsevier,
|c 1986.
|
| 300 |
|
|
|a xxv, 507 pages ;
|c 25 cm
|
| 336 |
|
|
|a text
|b txt
|2 rdacontent
|
| 337 |
|
|
|a unmediated
|b n
|2 rdamedia
|
| 338 |
|
|
|a volume
|b nc
|2 rdacarrier
|
| 504 |
|
|
|a Bibliographies.
|
| 650 |
|
2 |
|a Drugs
|x adverse effects.
|
| 650 |
|
2 |
|a Pharmacology.
|
| 700 |
1 |
|
|a Dukes, M. N. G.
|q (Maurice Nelson Graham),
|d 1930-
|
| 700 |
1 |
|
|a Beeley, Linda.
|
| 856 |
4 |
0 |
|u https://www.sciencedirect.com/science/bookseries/03786080/10
|z Full Text via HEAL-Link
|